LEADER 01781cam0-22005051i-450- 001 990006284530403321 005 20161102124644.0 035 $a000628453 035 $aFED01000628453 035 $a(Aleph)000628453FED01 035 $a000628453 100 $a20000112d19581959km-y0itay50------ba 101 0 $aita 102 $aIT 105 $ay-------001yy 200 1 $a<>distacco delle aziende a prevalente partecipazione statale delle organizzazioni degli altri datori di lavoro$fConfederazione generale dell'industria italiana 210 $aRoma$cFailli$d1958-59 215 $a5 v.$d24 cm 327 1 $a1.: Documentazione$a2.: Riflessi sulla stampa$a3.: Pareri di giuristi$a4.: Giurisprudenza studi giuridici studi economici : aggiornamento 1958-1959$a5.: Documentazione rilievi e commenti della stampa : aggiornamento 1958-1959 610 0 $aPartecipazioni statali 676 $a338 676 $a344 676 $a344.01 710 02$aConfindustria$022508 801 0$aIT$bUNINA$gRICA$2UNIMARC 901 $aBK 912 $a990006284530403321 952 $aDPR 19B-161$bB015851$fDEC 952 $aXV P 57$b54881/59339$fFGBC 952 $aVII F 282$b23139*$fFGBC 952 $aN/3.1 CON/1$b013638$fSES 952 $aN/3.1 CON/2$b013638 a$fSES 952 $aN/3.1 CON/3$b013638 b$fSES 952 $aN/3.1 CON/4$b026473$fSES 952 $aN/3.1 CON/5$bs.n.$fSES 952 $aLAV-379A/E$bdip$fDDRC 952 $aVII F 274$b118715$fFGBC 952 $aN/3.1 CON 4$b26437$fSES 952 $aN/3.1 CON 5$b026437a$fSES 959 $aDEC 959 $aFGBC 959 $aSES 959 $aDDRC 996 $aDistacco delle aziende a prevalente partecipazione statale delle organizzazioni degli altri datori di lavoro$9640334 997 $aUNINA LEADER 01898oam 2200481z 450 001 9910164708603321 005 20230919172045.0 010 $a0-8031-4937-9 035 $a(CKB)3170000000045270 035 $a(SSID)ssj0001184256 035 $a(PQKBManifestationID)11703729 035 $a(PQKBTitleCode)TC0001184256 035 $a(PQKBWorkID)11191229 035 $a(PQKB)11585957 035 $a(EXLCZ)993170000000045270 100 $a20160829h19851985 uy 0 101 0 $aeng 181 $ctxt$2rdacontent 182 $cc$2rdacontent 183 $acr$2rdacarrier 200 00$aInhalation toxicology of air pollution $eclinical research considerations /$fRobert Frank [et al.], editors 210 31$aPhiladelphia :$cASTM,$d1985 210 4$aŠ1985 215 $a1 online resource (157 pages) $cillustrations 225 0 $aASTM special technical publication Inhalation toxicology of air pollution 300 $aBibliographic Level Mode of Issuance: Monograph 311 $a0-8031-0406-5 517 $aInhalation Toxicology of Air Pollution 606 $aAir$xPollution$xToxicology$vCongresses 606 $aLungs$xDiseases$xResearch$vCongresses 606 $aAir$xPollution$xPhysiological effect$xMeasurement$vCongresses 615 0$aAir$xPollution$xToxicology 615 0$aLungs$xDiseases$xResearch 615 0$aAir$xPollution$xPhysiological effect$xMeasurement 676 $a615.9/1 702 $aFrank$b Robert$f1921- 712 02$aAmerican Petroleum Institute.$bMedicine and Biological Science Department, 712 12$aWorkshop to Develop Generic Protocols and Guidelines for the Performance of Clinical Pulmonary Studies Relevant to the National Ambient Air Quality Standards$e(1983 :$fPhiladelphia, Pa.) 801 0$bPQKB 906 $aBOOK 912 $a9910164708603321 996 $aInhalation toxicology of air pollution$93555310 997 $aUNINA